[Event "Bayern-chTT (RL Sued-Ost)"]
[Site "Bayern 2008/09"]
[Date "2009.03.01"]
[Round "7.1"]
[White "Riedel, Wolfgang(52)"]
[Black "Schaefer, Matthias(79)"]
[Result "1/2-1/2"]
[WhiteElo "2209"]
[BlackElo "2274"]
[PlyCount "20"]
[EventDate "2009.03.??"]
[EventType "team-tourn"]
[EventRounds "9"]
[WhiteTeam "Gräfelfing 1"]
[BlackTeam "Starnberg 1"]

1. d4 d5 2. c4 Nc6 3. Nc3 dxc4 4. d5 Ne5 5. f4 Ng4 6. h3 N4f6 7. e4 e6 8. Nf3
Bc5 9. Qa4+ Bd7 10. Qxc4 Qe7 1/2-1/2

[Event "Bayern-chTT (RL Sued-Ost)"]
[Site "Bayern 2008/09"]
[Date "2009.03.01"]
[Round "7.2"]
[White "Terzic, Safet"]
[Black "Gesing, Oliver"]
[Result "1/2-1/2"]
[WhiteElo "2199"]
[BlackElo "2079"]
[PlyCount "23"]
[EventDate "2009.03.??"]
[EventType "team-tourn"]
[EventRounds "9"]
[WhiteTeam "Starnberg 1"]
[BlackTeam "Gräfelfing 1"]

1. d4 d5 2. c4 c6 3. Nf3 Nf6 4. Nc3 dxc4 5. a4 Bf5 6. e3 e6 7. Bxc4 Bb4 8. O-O
Nbd7 9. Qb3 a5 10. Na2 Be7 11. Bd2 Nb6 12. Be2 1/2-1/2

[Event "Bayern-chTT (RL Sued-Ost)"]
[Site "Bayern 2008/09"]
[Date "2009.03.01"]
[Round "7.3"]
[White "Hofmann, Juergen(59)"]
[Black "Absmaier, Friedrich sr(63)"]
[Result "1-0"]
[WhiteElo "2168"]
[BlackElo "2092"]
[PlyCount "111"]
[EventDate "2009.03.??"]
[EventType "team-tourn"]
[EventRounds "9"]
[WhiteTeam "Gräfelfing 1"]
[BlackTeam "Starnberg 1"]

1. e4 e6 2. d4 d5 3. Nc3 Bb4 4. e5 c5 5. Bd2 Ne7 6. a3 Bxc3 7. Bxc3 Nbc6 8. Nf3
cxd4 9. Nxd4 Nxe5 10. Nxe6 Bxe6 11. Bxe5 O-O 12. Bd3 Nc6 13. Bg3 Qf6 14. Rb1
Bf5 15. O-O Rfe8 16. Qd2 Bxd3 17. Qxd3 d4 18. Rfe1 Re6 19. Re4 Rae8 20. Rbe1
Rxe4 21. Rxe4 Rxe4 22. Qxe4 Qe6 23. f3 Qxe4 24. fxe4 f6 25. Kf1 Kf7 26. Ke2 Ke6
27. Kd3 f5 28. exf5+ Kxf5 29. Bc7 h5 30. h3 g5 31. Bg3 g4 32. hxg4+ Kxg4 33.
Bd6 Kf5 34. Bc7 Kg4 35. Bd6 Kf5 36. Bh2 Kg4 37. b4 Ne7 38. Kxd4 Nf5+ 39. Ke4 b5
40. Kd3 Nh4 41. c4 bxc4+ 42. Kxc4 Nxg2 43. b5 Ne3+ 44. Kd3 Nd5 45. a4 h4 46.
Kd4 Ne7 47. a5 h3 48. Kc5 Kf3 49. b6 axb6+ 50. axb6 Kg2 51. Bc7 Nf5 52. b7 Ng3
53. b8=Q h2 54. Qb2+ Kh3 55. Qc3 h1=N 56. Qf3 1-0

[Event "Bayern-chTT (RL Sued-Ost)"]
[Site "Bayern 2008/09"]
[Date "2009.03.01"]
[Round "7.4"]
[White "Tuchenhagen, Axel"]
[Black "Luft, Martin"]
[Result "1/2-1/2"]
[WhiteElo "2083"]
[BlackElo "2109"]
[PlyCount "24"]
[EventDate "2009.03.??"]
[EventType "team-tourn"]
[EventRounds "9"]
[WhiteTeam "Starnberg 1"]
[BlackTeam "Gräfelfing 1"]

1. d4 d6 2. e4 g6 3. Nc3 Bg7 4. Be3 Nd7 5. Qd2 c5 6. d5 b5 7. Bxb5 Rb8 8. Nge2
Ngf6 9. f3 O-O 10. Bh6 Bxh6 11. Qxh6 Ne5 12. b3 e6 1/2-1/2

[Event "Bayern-chTT (RL Sued-Ost)"]
[Site "Bayern 2008/09"]
[Date "2009.03.01"]
[Round "7.5"]
[White "Kuehn, Karsten(63)"]
[Black "Gschwendtner, Klaus"]
[Result "1/2-1/2"]
[WhiteElo "1987"]
[BlackElo "2070"]
[PlyCount "105"]
[EventDate "2009.03.??"]
[EventType "team-tourn"]
[EventRounds "9"]
[WhiteTeam "Gräfelfing 1"]
[BlackTeam "Starnberg 1"]

1. e4 e5 2. Nf3 Nc6 3. Bb5 a6 4. Ba4 Nf6 5. d3 b5 6. Bb3 Bc5 7. Bg5 h6 8. Bh4
d6 9. c3 Bb6 10. O-O Bg4 11. h3 Bd7 12. Re1 g5 13. Bg3 Nh5 14. Nxe5 Nxg3 15.
Nxd7 Qxd7 16. d4 Nxe4 17. Rxe4+ Kf8 18. Qf3 Re8 19. Nd2 Kg7 20. Rae1 Nd8 21.
Qe2 Rxe4 22. Qxe4 Rf8 23. Nf1 f5 24. Qe2 c6 25. Ng3 a5 26. a3 b4 27. axb4 axb4
28. Bc2 bxc3 29. bxc3 c5 30. Qd3 cxd4 31. cxd4 Nc6 32. Nxf5+ Rxf5 33. Qxf5 Qxf5
34. Bxf5 Nxd4 35. Bd3 Kf6 36. Re8 h5 37. Rh8 h4 38. Rg8 Ne6 39. Bc4 Nf4 40. Rb8
Bd4 41. Kf1 d5 42. Ba2 Bc3 43. g3 hxg3 44. fxg3 Nh5 45. Bxd5 Nxg3+ 46. Kg2 Nf5
47. Kf3 Bd2 48. Be4 Nh4+ 49. Kg4 Ke5 50. Re8+ Kf6 51. Bb1 Bf4 52. Rf8+ Kg7 53.
Rxf4 1/2-1/2

[Event "Bayern-chTT (RL Sued-Ost)"]
[Site "Bayern 2008/09"]
[Date "2009.03.01"]
[Round "7.6"]
[White "Pappenheim, Rainer Dr"]
[Black "Schneider, Richard(60)"]
[Result "1/2-1/2"]
[WhiteElo "1924"]
[BlackElo "2100"]
[PlyCount "116"]
[EventDate "2009.03.??"]
[EventType "team-tourn"]
[EventRounds "9"]
[WhiteTeam "Starnberg 1"]
[BlackTeam "Gräfelfing 1"]

1. e4 c5 2. Nf3 Nc6 3. Bb5 g6 4. O-O Bg7 5. c3 Nf6 6. Re1 O-O 7. d4 cxd4 8.
cxd4 d5 9. e5 Ne4 10. Nc3 Nxc3 11. bxc3 Na5 12. Bd3 Qc7 13. Bd2 Bg4 14. Rb1 b6
15. Qe2 e6 16. Rb4 Bxf3 17. gxf3 Qe7 18. Ra4 Rfd8 19. Be3 Bf8 20. Bb5 Qh4 21.
Qd2 Be7 22. Rc1 Kh8 23. Ba6 g5 24. Be2 Rg8 25. Kh1 Rg6 26. Rg1 f6 27. c4 Rh6
28. Rg2 dxc4 29. d5 fxe5 30. dxe6 Rd8 31. Qc1 Rxe6 32. Rg4 Qh5 33. Bxg5 Bxg5
34. Rxg5 Qf7 35. Qe3 Qc7 36. Ra3 Re7 37. Qe4 b5 38. Qf5 Rf7 39. Qxe5+ Qxe5 40.
Rxe5 Nc6 41. Rxb5 Nd4 42. Re5 Nxe2 43. Rxe2 Rg8 44. Rc3 Rd7 45. Rc1 Rd3 46. f4
Rd4 47. f5 Rf4 48. Rc3 Rc8 49. Kg2 Rxf5 50. Re7 Rg8+ 51. Kf1 Rgf8 52. Rc2 a5
53. Rc7 Rh5 54. Kg1 Rg8+ 55. Kh1 Rhg5 56. Rc1 Rf8 57. Rc2 Rfg8 58. Rc1 Rf8
1/2-1/2

[Event "Bayern-chTT (RL Sued-Ost)"]
[Site "Bayern 2008/09"]
[Date "2009.03.01"]
[Round "7.7"]
[White "Hock, Martin"]
[Black "Fliessbach, Torsten"]
[Result "1/2-1/2"]
[WhiteElo "1990"]
[BlackElo "2033"]
[PlyCount "112"]
[EventDate "2009.03.??"]
[EventType "team-tourn"]
[EventRounds "9"]
[WhiteTeam "Gräfelfing 1"]
[BlackTeam "Starnberg 1"]

1. Nf3 d5 2. b3 Nf6 3. Bb2 e6 4. e3 Be7 5. d4 b6 6. Bd3 Bb7 7. O-O O-O 8. c4 c5
9. dxc5 dxc4 10. Bxc4 Bxc5 11. Qe2 Nc6 12. Nc3 Qe7 13. Rad1 Rad8 14. Bd3 Nb4
15. Bc4 Nbd5 16. Nxd5 Nxd5 17. Rd3 a6 18. Rfd1 b5 19. Bxd5 Rxd5 20. e4 Rxd3 21.
Qxd3 Bb6 22. Qc3 f6 23. Qc2 Rc8 24. Qe2 e5 25. Rc1 Rxc1+ 26. Bxc1 Qb4 27. Nd2
Qc3 28. Qe1 Bxe4 29. Qxe4 Qxc1+ 30. Nf1 Qc5 31. Ne3 Qc1+ 32. Nf1 Qc8 33. g3 g6
34. Kg2 Bd4 35. Ne3 Kg7 36. Nc2 f5 37. Qe2 Qc6+ 38. Kg1 Bc3 39. Qd3 Ba5 40. h3
Bc3 41. Qd8 e4 42. Qe7+ Kg8 43. Nb4 Bxb4 44. Qxb4 Qf6 45. Qd2 Kg7 46. Kg2 g5
47. Qd5 h5 48. Qb7+ Kh6 49. Qd5 h4 50. gxh4 gxh4 51. Kh2 Qg6 52. Qd2+ Kh5 53.
Qe2+ Kg5 54. Qd2+ f4 55. Qd8+ Kh5 56. Qh8+ Kg5 1/2-1/2

[Event "Bayern-chTT (RL Sued-Ost)"]
[Site "Bayern 2008/09"]
[Date "2009.03.01"]
[Round "7.8"]
[White "Rulik, Oliver"]
[Black "Soergel, Thomas"]
[Result "1/2-1/2"]
[WhiteElo "1939"]
[BlackElo "1943"]
[PlyCount "90"]
[EventDate "2009.03.??"]
[EventType "team-tourn"]
[EventRounds "9"]
[WhiteTeam "Starnberg 1"]
[BlackTeam "Gräfelfing 1"]

1. e4 e6 2. Nc3 c5 3. Nf3 Nc6 4. d4 cxd4 5. Nxd4 Bc5 6. Be3 Qb6 7. Na4 Qa5+ 8.
c3 Bxd4 9. Bxd4 Nxd4 10. b4 Nf3+ 11. gxf3 Qe5 12. Qd4 Qxd4 13. cxd4 Ne7 14. a3
d6 15. Kd2 Bd7 16. Nc3 O-O 17. Bb5 Rfd8 18. Rac1 a6 19. Bxd7 Rxd7 20. Na4 Nc8
21. Rc2 b5 22. Nb2 Ne7 23. Rhc1 f6 24. f4 Raa7 25. Ke3 Kf7 26. Nd3 Ke8 27. f3
Kd8 28. Rg2 Rac7 29. Rgc2 Rxc2 30. Rxc2 Rc7 31. Rxc7 Kxc7 32. Nc1 Kb6 33. Nb3
Nc6 34. Kd3 a5 35. d5 exd5 36. exd5 a4 37. Nd4 Nxd4 38. Kxd4 Kc7 39. Ke4 g6 40.
f5 Kd7 41. Kf4 Ke7 42. Kg4 Kf7 43. f4 Kg7 44. fxg6 hxg6 45. h4 Kh6 1/2-1/2

[Event "Bayern-chTT (RL Sued-Ost)"]
[Site "Bayern 2008/09"]
[Date "2009.03.01"]
[Round "7.1"]
[White "Huber, Edwin(70)"]
[Black "Berchtenbreiter, Maximilian"]
[Result "1-0"]
[WhiteElo "2077"]
[BlackElo "2164"]
[PlyCount "79"]
[EventDate "2009.03.??"]
[EventType "team-tourn"]
[EventRounds "9"]
[WhiteTeam "Ilmmünster 1"]
[BlackTeam "Pang/Ro.2"]

1. d4 Nf6 2. Nc3 d5 3. e4 e6 4. Bg5 dxe4 5. Nxe4 Be7 6. Bxf6 Bxf6 7. Nf3 O-O 8.
Qd2 b6 9. O-O-O Nd7 10. Bd3 c5 11. Nxf6+ Qxf6 12. Ng5 g6 13. h4 h6 14. Ne4 Qg7
15. h5 g5 16. f4 g4 17. dxc5 bxc5 18. c3 Bb7 19. Qe3 Rab8 20. Nxc5 Nb6 21. Nxb7
Rxb7 22. Be4 Re7 23. Qd4 e5 24. Qc5 f5 25. Rd6 exf4 26. Rg6 Rxe4 27. Qd6 Rf7
28. Rd1 f3 29. gxf3 gxf3 30. Rxg7+ Rxg7 31. Qf6 Re8 32. Rf1 Rg2 33. Qxf5 Rf8
34. Qe6+ Kg7 35. Qe7+ Rf7 36. Qe5+ Kg8 37. Qe8+ Kg7 38. Qe5+ Kg8 39. Qe3 f2 40.
Kc2 1-0

[Event "Bayern-chTT (RL Sued-Ost)"]
[Site "Bayern 2008/09"]
[Date "2009.03.01"]
[Round "7.2"]
[White "Graf, Christian(61)"]
[Black "Loder, Wilhelm"]
[Result "1/2-1/2"]
[WhiteElo "2064"]
[BlackElo "2096"]
[PlyCount "77"]
[EventDate "2009.03.??"]
[EventType "team-tourn"]
[EventRounds "9"]
[WhiteTeam "Pang/Ro.2"]
[BlackTeam "Ilmmünster 1"]

1. e4 c5 2. Nf3 e6 3. c3 Nf6 4. e5 Nd5 5. d4 cxd4 6. cxd4 d6 7. a3 Bd7 8. Bd3
Bc6 9. O-O Nd7 10. Bd2 Be7 11. Nc3 Nxc3 12. Bxc3 dxe5 13. dxe5 Nc5 14. Bc2 Qxd1
15. Rfxd1 O-O 16. Nd4 Bd5 17. Nf5 Bd8 18. Ne3 Bc6 19. b4 Na4 20. Bd4 Bb6 21.
Bxb6 Nxb6 22. a4 a6 23. a5 Nd5 24. Nxd5 Bxd5 25. Ba4 Rac8 26. Rac1 g5 27. f3
Rfd8 28. Kf2 Kg7 29. g3 f6 30. exf6+ Kxf6 31. Ke3 h6 32. Rc2 Rxc2 33. Bxc2 Rc8
34. Be4 Rc4 35. Rd4 Rc3+ 36. Rd3 Rc4 37. Rd4 Rc3+ 38. Rd3 Rc4 39. Rd4 1/2-1/2

[Event "Bayern-chTT (RL Sued-Ost)"]
[Site "Bayern 2008/09"]
[Date "2009.03.01"]
[Round "7.3"]
[White "Seisenberger, Georg"]
[Black "Heigermoser, Robert"]
[Result "0-1"]
[WhiteElo "2051"]
[BlackElo "2014"]
[PlyCount "64"]
[EventDate "2009.03.??"]
[EventType "team-tourn"]
[EventRounds "9"]
[WhiteTeam "Ilmmünster 1"]
[BlackTeam "Pang/Ro.2"]

1. d4 Nf6 2. c4 e6 3. Nf3 b6 4. Nc3 Bb4 5. Qb3 a5 6. Bg5 h6 7. Bh4 g5 8. Bg3
Ne4 9. O-O-O Bxc3 10. bxc3 d6 11. Nd2 Nxg3 12. hxg3 Qf6 13. f3 Nd7 14. e3 Qg6
15. Ne4 f5 16. Bd3 Bb7 17. Nd2 Qf6 18. e4 f4 19. gxf4 gxf4 20. c5 dxc5 21. e5
Qf7 22. Rh4 O-O-O 23. Rdh1 Nxe5 24. dxe5 Rxd3 25. Qc4 Rhd8 26. Rxf4 Rxc3+ 27.
Qxc3 Qxf4 28. g3 Qxg3 29. Rxh6 Bd5 30. Kb2 Kb7 31. Rh7 Qf4 32. a4 Qxa4 0-1

[Event "Bayern-chTT (RL Sued-Ost)"]
[Site "Bayern 2008/09"]
[Date "2009.03.01"]
[Round "7.4"]
[White "Wittmann, Matthias(81)"]
[Black "Reischl, Markus"]
[Result "1-0"]
[WhiteElo "2118"]
[BlackElo "2058"]
[PlyCount "57"]
[EventDate "2009.03.??"]
[EventType "team-tourn"]
[EventRounds "9"]
[WhiteTeam "Pang/Ro.2"]
[BlackTeam "Ilmmünster 1"]

1. b4 d5 2. Bb2 e6 3. e3 Nf6 4. b5 Be7 5. f4 O-O 6. Nf3 a6 7. a4 axb5 8. axb5
Rxa1 9. Bxa1 c5 10. Be2 Nbd7 11. O-O Ne4 12. Nc3 Ndf6 13. Na4 Qa5 14. c4 dxc4
15. Bxc4 Nd5 16. Bd3 Nef6 17. Nc3 Rd8 18. Ne5 c4 19. Nxc4 Nxc3 20. Bxc3 Qxb5
21. Qc2 h6 22. Ba5 Rf8 23. Rb1 Qc6 24. Qb3 Nd7 25. Be2 Nc5 26. Qa2 Bd8 27. Bb4
b6 28. Bf3 Qc7 29. d4 1-0

[Event "Bayern-chTT (RL Sued-Ost)"]
[Site "Bayern 2008/09"]
[Date "2009.03.01"]
[Round "7.5"]
[White "Kampert, Andreas"]
[Black "Richter, Martin Dr(66)"]
[Result "1/2-1/2"]
[WhiteElo "2057"]
[BlackElo "2093"]
[PlyCount "25"]
[EventDate "2009.03.??"]
[EventType "team-tourn"]
[EventRounds "9"]
[WhiteTeam "Ilmmünster 1"]
[BlackTeam "Pang/Ro.2"]

1. e4 e5 2. Nf3 Nc6 3. Bb5 a6 4. Ba4 Nf6 5. O-O b5 6. Bb3 Be7 7. Re1 d6 8. h3
Na5 9. c3 Nxb3 10. Qxb3 c5 11. d3 c4 12. dxc4 Be6 13. Nbd2 1/2-1/2

[Event "Bayern-chTT (RL Sued-Ost)"]
[Site "Bayern 2008/09"]
[Date "2009.03.01"]
[Round "7.6"]
[White "Rosner, Gerhard"]
[Black "Niedermeier, Thomas(90)"]
[Result "1/2-1/2"]
[WhiteElo "2043"]
[BlackElo "1976"]
[PlyCount "64"]
[EventDate "2009.03.??"]
[EventType "team-tourn"]
[EventRounds "9"]
[WhiteTeam "Pang/Ro.2"]
[BlackTeam "Ilmmünster 1"]

1. c4 Nf6 2. Nf3 g6 3. b3 Bg7 4. Bb2 O-O 5. g3 d6 6. d3 e5 7. Nbd2 a5 8. a3 Nc6
9. Bg2 Nh5 10. Qc2 f5 11. e3 Qe7 12. O-O Bd7 13. Rae1 Rae8 14. Nb1 Qd8 15. Nc3
Kh8 16. Nd5 Ne7 17. Nc3 Ng8 18. d4 Qc8 19. dxe5 dxe5 20. Nd5 Nh6 21. Bc3 b6 22.
Ba1 Bc6 23. Rd1 Qb7 24. b4 axb4 25. axb4 b5 26. Rfe1 bxc4 27. Qxc4 Nf7 28. Nh4
Nd6 29. Qc5 Ne4 30. Qc4 Nd6 31. Qc5 Ne4 32. Qc4 Nd6 1/2-1/2

[Event "Bayern-chTT (RL Sued-Ost)"]
[Site "Bayern 2008/09"]
[Date "2009.03.01"]
[Round "7.7"]
[White "Schwertler, Philipp"]
[Black "Uhlmann, David"]
[Result "1-0"]
[WhiteElo "1944"]
[BlackElo "1881"]
[PlyCount "81"]
[EventDate "2009.03.??"]
[EventType "team-tourn"]
[EventRounds "9"]
[WhiteTeam "Ilmmünster 1"]
[BlackTeam "Pang/Ro.2"]

1. d4 Nf6 2. c4 c5 3. d5 a6 4. a4 e6 5. Nc3 exd5 6. cxd5 d6 7. e4 g6 8. Be2 Bg7
9. f4 O-O 10. Nf3 h6 11. O-O Re8 12. e5 dxe5 13. fxe5 Ng4 14. e6 fxe6 15. h3
Ne5 16. Nxe5 Bxe5 17. Qc2 Kg7 18. Bd3 Bd4+ 19. Kh1 Rf8 20. Bd2 Nd7 21. dxe6 Ne5
22. Rxf8 Qxf8 23. Rf1 Qe8 24. Nd5 Bxe6 25. Nc7 Qc8 26. Nxa8 Qxa8 27. Bc3 Qd8
28. Be4 b5 29. axb5 axb5 30. Rd1 Qh4 31. Bxd4 cxd4 32. Qc7+ Nf7 33. Qc6 Qh5 34.
Bf3 Qe5 35. Qe4 d3 36. Rxd3 Bf5 37. Qxe5+ Nxe5 38. Rb3 Nxf3 39. Rxf3 h5 40. Kg1
Be6 41. Kf1 1-0

[Event "Bayern-chTT (RL Sued-Ost)"]
[Site "Bayern 2008/09"]
[Date "2009.03.01"]
[Round "7.8"]
[White "Anker, Christin"]
[Black "Knoblauch, Leonhard"]
[Result "1-0"]
[WhiteElo "1811"]
[BlackElo "1880"]
[PlyCount "79"]
[EventDate "2009.03.??"]
[EventType "team-tourn"]
[EventRounds "9"]
[WhiteTeam "Pang/Ro.2"]
[BlackTeam "Ilmmünster 1"]

1. e4 Nf6 2. Nc3 d5 3. e5 d4 4. exf6 dxc3 5. bxc3 exf6 6. d4 Bd6 7. Nf3 O-O 8.
Be2 Bg4 9. O-O Nc6 10. a4 Ne7 11. c4 c6 12. c3 b6 13. Ba3 Re8 14. Bxd6 Qxd6 15.
Re1 Rad8 16. a5 Bxf3 17. Bxf3 b5 18. cxb5 cxb5 19. a6 Nc6 20. Qb3 b4 21. Bxc6
Qxc6 22. Qxb4 Qxa6 23. h3 Qc6 24. Rxe8+ Qxe8 25. Kf1 Qd7 26. Qc5 h6 27. Rxa7
Qe6 28. Re7 Qa6+ 29. Kg1 Qa1+ 30. Kh2 Qf1 31. Qf5 Qc1 32. Rc7 Qa3 33. Rc5 Qa6
34. g3 g6 35. Qf3 Rd6 36. Qe3 Re6 37. Qxh6 Re2 38. Qf4 Re8 39. d5 Qf1 40. Qxf6
1-0

[Event "Bayern-chTT (RL Sued-Ost)"]
[Site "Bayern 2008/09"]
[Date "2009.03.01"]
[Round "7.1"]
[White "Klinger, Sebastian"]
[Black "Wahrlich, Andreas"]
[Result "1-0"]
[WhiteElo "2174"]
[BlackElo "2034"]
[PlyCount "43"]
[EventDate "2009.03.??"]
[EventType "team-tourn"]
[EventRounds "9"]
[WhiteTeam "Freising 1"]
[BlackTeam "Waldkraiburg 1"]

1. Nf3 d5 2. d4 Nf6 3. Bf4 c6 4. Nbd2 g6 5. e3 Bg7 6. Bd3 Nbd7 7. O-O Nh5 8.
Bg5 h6 9. Bh4 g5 10. Ne5 Nxe5 11. dxe5 gxh4 12. Qxh5 h3 13. f4 Qd7 14. Rf3 hxg2
15. Rg3 Kf8 16. Nf3 Qc7 17. Kxg2 c5 18. Kh1 c4 19. Rag1 cxd3 20. Rxg7 e6 21.
cxd3 b6 22. Ng5 1-0

[Event "Bayern-chTT (RL Sued-Ost)"]
[Site "Bayern 2008/09"]
[Date "2009.03.01"]
[Round "7.2"]
[White "Poetsch, Klaus"]
[Black "Zill, Christoph"]
[Result "1/2-1/2"]
[WhiteElo "2140"]
[BlackElo "2144"]
[PlyCount "50"]
[EventDate "2009.03.??"]
[EventType "team-tourn"]
[EventRounds "9"]
[WhiteTeam "Waldkraiburg 1"]
[BlackTeam "Freising 1"]

1. d4 f5 2. g3 Nf6 3. Bg2 d6 4. Nf3 g6 5. O-O Bg7 6. c4 O-O 7. Nc3 Qe8 8. Nd5
Nxd5 9. cxd5 Nd7 10. Ng5 Nb6 11. a4 a5 12. Qb3 Bxd4 13. Ne6 Bxe6 14. dxe6 d5
15. Bh6 Bg7 16. Bxg7 Kxg7 17. Rfc1 Qd8 18. Qc3+ Rf6 19. Qxc7 Rxe6 20. Qxb7 Rb8
21. Qa6 Qd6 22. Qxa5 Rxe2 23. Bf1 Rxb2 24. Qc3+ Qf6 25. a5 Nc4 1/2-1/2

[Event "Bayern-chTT (RL Sued-Ost)"]
[Site "Bayern 2008/09"]
[Date "2009.03.01"]
[Round "7.3"]
[White "Knitl, Anton"]
[Black "Jergler, Karl-Heinz"]
[Result "1/2-1/2"]
[WhiteElo "2138"]
[BlackElo "2116"]
[PlyCount "64"]
[EventDate "2009.03.??"]
[EventType "team-tourn"]
[EventRounds "9"]
[WhiteTeam "Freising 1"]
[BlackTeam "Waldkraiburg 1"]

1. Nf3 Nf6 2. c4 g6 3. Nc3 d5 4. Qa4+ c6 5. cxd5 Nxd5 6. Nxd5 Qxd5 7. e4 Qd8 8.
d4 Bg7 9. Be3 O-O 10. Be2 Nd7 11. Rd1 Nf6 12. Qc2 Bg4 13. O-O Qa5 14. b4 Qd8
15. h3 Bxf3 16. Bxf3 e6 17. Rb1 Qd7 18. Rfd1 Rfc8 19. Qb3 a6 20. Bg5 Re8 21.
Qe3 Qc7 22. Bf4 Qe7 23. Be5 Nd7 24. Bxg7 Kxg7 25. d5 exd5 26. exd5 cxd5 27.
Bxd5 Nf6 28. Qxe7 Rxe7 29. Bf3 Rc8 30. Rbc1 Rec7 31. Rxc7 Rxc7 32. Rd2 Nd7
1/2-1/2

[Event "Bayern-chTT (RL Sued-Ost)"]
[Site "Bayern 2008/09"]
[Date "2009.03.01"]
[Round "7.4"]
[White "Hauschild, Helmut"]
[Black "Bauer, Robert(67)"]
[Result "1/2-1/2"]
[WhiteElo "2109"]
[BlackElo "2060"]
[PlyCount "51"]
[EventDate "2009.03.??"]
[EventType "team-tourn"]
[EventRounds "9"]
[WhiteTeam "Waldkraiburg 1"]
[BlackTeam "Freising 1"]

1. e4 e5 2. Nf3 Nc6 3. Bc4 Bc5 4. c3 Nf6 5. d3 d6 6. O-O O-O 7. Re1 Bg4 8. h3
Bh5 9. Nbd2 a6 10. Bb3 Qd7 11. Nf1 Ba7 12. Ng3 Bg6 13. Nh4 Kh8 14. Bg5 Ne8 15.
Ngf5 Bxf5 16. Nxf5 f6 17. Be3 Bxe3 18. Rxe3 g6 19. Nh4 Ng7 20. Kh2 Ne7 21. d4
Rad8 22. Qd2 Ne6 23. Bxe6 Qxe6 24. d5 Qd7 25. g3 Rf7 26. Rf1 1/2-1/2

[Event "Bayern-chTT (RL Sued-Ost)"]
[Site "Bayern 2008/09"]
[Date "2009.03.01"]
[Round "7.5"]
[White "Trapp, Maximilian"]
[Black "Loew, Peter"]
[Result "1-0"]
[WhiteElo "2102"]
[BlackElo "2039"]
[PlyCount "131"]
[EventDate "2009.03.??"]
[EventType "team-tourn"]
[EventRounds "9"]
[WhiteTeam "Freising 1"]
[BlackTeam "Waldkraiburg 1"]

1. d4 g6 2. Nf3 Bg7 3. g3 Nf6 4. Bg2 O-O 5. O-O d6 6. c4 Nc6 7. Nc3 Bg4 8. h3
Bxf3 9. Bxf3 Nd7 10. e3 e5 11. Bxc6 bxc6 12. d5 c5 13. Qc2 f5 14. Ne2 g5 15. g4
f4 16. f3 Rf7 17. e4 Bf6 18. Bd2 h5 19. b4 Rh7 20. bxc5 Nxc5 21. Rab1 Kg7 22.
Kg2 Qd7 23. Rh1 Rah8 24. Bb4 Na6 25. Ba3 hxg4 26. hxg4 Rxh1 27. Rxh1 Rxh1 28.
Kxh1 c5 29. dxc6 Qxc6 30. Qb3 Bd8 31. Qb5 Qxb5 32. cxb5 Nc5 33. Kg2 Bb6 34. Kf1
Kf7 35. Nc3 Nb7 36. Ke2 Ke6 37. Kd3 Na5 38. Bb4 Nb7 39. a4 Bc7 40. Nd5 Bd8 41.
Kc4 Bb6 42. Be1 Na5+ 43. Bxa5 Bxa5 44. b6 Bxb6 45. Kb5 Bc5 46. Kc6 a5 47. Nc7+
Ke7 48. Kd5 Bb4 49. Kc6 Bd2 50. Nd5+ Ke6 51. Kc7 Be3 52. Kd8 Bc5 53. Nc7+ Kf6
54. Kd7 Kf7 55. Nd5 Bb4 56. Ne7 Kf6 57. Nd5+ Kf7 58. Nb6 Kf6 59. Nc4 d5 60.
exd5 e4 61. fxe4 f3 62. e5+ Kf7 63. e6+ Kf6 64. d6 f2 65. Ne3 Ke5 66. e7 1-0

[Event "Bayern-chTT (RL Sued-Ost)"]
[Site "Bayern 2008/09"]
[Date "2009.03.01"]
[Round "7.6"]
[White "Guenes, Erdogan"]
[Black "Dost, Andreas"]
[Result "0-1"]
[WhiteElo "1970"]
[BlackElo "2012"]
[PlyCount "26"]
[EventDate "2009.03.??"]
[EventType "team-tourn"]
[EventRounds "9"]
[WhiteTeam "Waldkraiburg 1"]
[BlackTeam "Freising 1"]

1. c4 e5 2. e4 Bc5 3. Nc3 Nc6 4. g3 d6 5. Bg2 f5 6. d3 Nf6 7. Nge2 fxe4 8. Nxe4
Nxe4 9. dxe4 Be6 10. b3 O-O 11. O-O Rxf2 12. Rxf2 Qf6 13. Bf3 Qxf3 0-1

[Event "Bayern-chTT (RL Sued-Ost)"]
[Site "Bayern 2008/09"]
[Date "2009.03.01"]
[Round "7.7"]
[White "Benischek, Wolfgang"]
[Black "Hauschild, Rudolf jr(55)"]
[Result "1/2-1/2"]
[WhiteElo "1953"]
[BlackElo "1812"]
[PlyCount "43"]
[EventDate "2009.03.??"]
[EventType "team-tourn"]
[EventRounds "9"]
[WhiteTeam "Freising 1"]
[BlackTeam "Waldkraiburg 1"]

1. e4 e5 2. Nf3 Nf6 3. Nxe5 d6 4. Nf3 Nxe4 5. d3 Nf6 6. d4 Bg4 7. h3 Bh5 8. d5
c6 9. c4 Nbd7 10. Nc3 Ne5 11. Be2 Be7 12. Nxe5 Bxe2 13. Qxe2 dxe5 14. dxc6 bxc6
15. Qxe5 O-O 16. O-O Re8 17. Rd1 Qb6 18. Qf5 Qb4 19. Be3 Qxb2 20. Na4 Qb4 21.
Qc2 Qa5 22. Rab1 1/2-1/2

[Event "Bayern-chTT (RL Sued-Ost)"]
[Site "Bayern 2008/09"]
[Date "2009.03.01"]
[Round "7.8"]
[White "Mertz, Waldemar"]
[Black "Wolf, Dietrich Hans(36)"]
[Result "0-1"]
[WhiteElo "1872"]
[BlackElo "1918"]
[PlyCount "77"]
[EventDate "2009.03.??"]
[EventType "team-tourn"]
[EventRounds "9"]
[WhiteTeam "Waldkraiburg 1"]
[BlackTeam "Freising 1"]

1. e4 c5 2. Nf3 d6 3. d4 cxd4 4. Nxd4 Nf6 5. Nc3 a6 6. Be3 b5 7. f3 Bb7 8. Be2
e6 9. Qd2 Nbd7 10. O-O Be7 11. Rad1 O-O 12. g4 Nb6 13. Bf2 Rc8 14. Bg3 Nc4 15.
Qc1 Qc7 16. Bd3 g6 17. Bf2 Ne5 18. Be2 Rfd8 19. Bg3 Nc4 20. a3 Nxa3 21. Bd3 Nc4
22. Rfe1 e5 23. Nb3 Nxb2 24. Qxb2 Qxc3 25. Qxc3 Rxc3 26. Na5 Bc8 27. Ra1 Nd7
28. Red1 Nc5 29. Be1 Nxd3 30. Bxc3 Nf4 31. Bb4 Bf8 32. c4 bxc4 33. Nxc4 Ne2+
34. Kf2 Nd4 35. Ba5 Re8 36. Bc7 Re6 37. Rab1 Rf6 38. Kg2 Nb5 39. Rd3 0-1

[Event "Bayern-chTT (RL Sued-Ost)"]
[Site "Bayern 2008/09"]
[Date "2009.03.15"]
[Round "8.1"]
[White "Zill, Christoph"]
[Black "Lautner, Josef"]
[Result "1/2-1/2"]
[WhiteElo "2144"]
[BlackElo "2185"]
[PlyCount "81"]
[EventDate "2009.03.??"]
[EventType "team-tourn"]
[EventRounds "9"]
[WhiteTeam "Freising 1"]
[BlackTeam "Passau 2"]

1. e4 Nf6 2. e5 Nd5 3. d4 d6 4. c4 Nb6 5. exd6 cxd6 6. Nc3 g6 7. Be3 Bg7 8. h3
O-O 9. Nf3 Nc6 10. Be2 d5 11. c5 Nc4 12. Bc1 b6 13. b3 bxc5 14. bxc4 cxd4 15.
Nxd5 d3 16. Rb1 dxe2 17. Qxe2 Ba6 18. Bd2 e5 19. Nb4 e4 20. Nxc6 exf3 21. gxf3
Qh4 22. Ne7+ Kh8 23. Qe4 Qxe4+ 24. fxe4 Rfe8 25. Nd5 Rxe4+ 26. Ne3 f5 27. O-O
f4 28. Ng2 Bxc4 29. Rb4 f3 30. Rc1 Bd5 31. Rxe4 Bxe4 32. Ne3 Rb8 33. Rc5 Bd4
34. Bc3 Bxc3 35. Rxc3 Rb7 36. a3 Kg7 37. h4 Kf6 38. Kh2 Ke5 39. Kg3 Rf7 40.
Rc5+ Kd4 41. Ra5 1/2-1/2